000 00676nam a2200241Ia 4500
005 20260430150010.0
008 008 250103s9999 xx 000 0 eng d
037 _aTheses
040 _aCRL
040 _beng
040 _ceng
041 _2eng
041 _aeng
084 _qCRL
100 _aBhatt Parul Au.; Sharma Sadhna Gu.
_91236156
245 0 _aStudy of the Immunogenicity and adjuvanticity of DosR regulon proteins Rv2627c and Rv2628 of mycobacterium tuberculosis
260 _c2022
300 _a196p.
650 _aZoology
700 _aUniversity of Delhi. Faculty of Science. Department of Zoology
942 _cTH
999 _c1848692
_d1848692